Catálogo

Himnos sobre el Paraíso / (Registro nro. 57638)

Detalles MARC
000 -LEADER
fixed length control field 01381cam a2200349 i 4500
001 - CONTROL NUMBER
control field 57638
003 - CONTROL NUMBER IDENTIFIER
control field Mx-PuUPA
005 - DATE AND TIME OF LATEST TRANSACTION
control field 20250206145556.0
008 - FIXED-LENGTH DATA ELEMENTS--GENERAL INFORMATION
fixed length control field 140415s2017 sp gr 000 0 spa d
017 ## - COPYRIGHT OR LEGAL DEPOSIT NUMBER
Copyright or legal deposit number CO-2415-2017
020 ## - INTERNATIONAL STANDARD BOOK NUMBER
International Standard Book Number 9788494733901
040 ## - CATALOGING SOURCE
Transcribing agency Mx-PuUPA
Original cataloging agency Mx-PuUPA
Language of cataloging spa
Modifying agency Mx-PuUPA
Description conventions rda
041 1# - LANGUAGE CODE
Language code of text/sound track or separate title spa
Language code of original syc
100 0# - MAIN ENTRY--PERSONAL NAME
Personal name Ephraem,
Titles and words associated with a name Syrus, Saint,
Dates associated with a name 303-373
Relator term autor
9 (RLIN) 16678
245 10 - TITLE STATEMENT
Title Himnos sobre el Paraíso /
Statement of responsibility, etc. San Efrén de Nisibe ; traducción, introducción y notas, Francisco Javier Martínez Fernández
264 #1 - PRODUCTION, PUBLICATION, DISTRIBUTION, MANUFACTURE, AND COPYRIGHT NOTICE
Place of production, publication, distribution, manufacture Granda, España :
Name of producer, publisher, distributor, manufacturer Editorial Nuevo Inicio,
Date of production, publication, distribution, manufacture, or copyright notice 2017
300 ## - PHYSICAL DESCRIPTION
Extent 247 páginas ;
Dimensions 19 cm
336 ## - CONTENT TYPE
Fuente rdacontent
Content type term texto
Content type code txt
337 ## - MEDIA TYPE
Source rdamedia
Media type term sin medio
Media type code n
338 ## - CARRIER TYPE
Source rdacarrier
Carrier type term volumen
Carrier type code nc
490 0# - SERIES STATEMENT
Series statement Colección Maestros Cristianos de Oriente ;
Volume/sequential designation 3
650 #7 - SUBJECT ADDED ENTRY--TOPICAL TERM
Source of heading or term armarc
Topical term or geographic name entry element Canciones religiosas
General subdivision Cristianismo
650 #7 - SUBJECT ADDED ENTRY--TOPICAL TERM
Source of heading or term armarc
Topical term or geographic name entry element Literatura cristiana árabe
650 #7 - SUBJECT ADDED ENTRY--TOPICAL TERM
Source of heading or term armarc
Topical term or geographic name entry element Himnos
650 #7 - SUBJECT ADDED ENTRY--TOPICAL TERM
Source of heading or term armarc
Topical term or geographic name entry element Literatura árabe
General subdivision Autores cristianos
650 #7 - SUBJECT ADDED ENTRY--TOPICAL TERM
Source of heading or term armarc
Topical term or geographic name entry element Literatura cristiana primitiva
700 1# - ADDED ENTRY--PERSONAL NAME
Personal name Martínez Fernández, Francisco Javier,
Relator term traductor
-- autor de introducción
942 ## - ADDED ENTRY ELEMENTS (KOHA)
Source of classification or shelving scheme Dewey Decimal Classification
Koha item type Libro
Classification part 782.2516408827
Item part E63
Existencias
Withdrawn status Lost status Source of classification or shelving scheme Damaged status Not for loan Collection code Home library Current library Shelving location Date acquired Source of acquisition Cost, normal purchase price Total Checkouts Full call number Barcode Date last seen Cost, replacement price Price effective from Koha item type
    Dewey Decimal Classification     General Biblioteca Karol Wojtyla Biblioteca Karol Wojtyla Sala general 22/01/2025 1 784.00   782.2516408827 E63 2017 105859 05/01/2026 784.00 22/01/2025 Libro